| 000 | 00436nam a2200157 i 4500 | ||
|---|---|---|---|
| 001 | bg | ||
| 100 | 1 | _aGRZYMKOWSKI, Marian | |
| 245 | 0 |
_aMetody analizy procesów obróbki plastycznej metali / _cM. Grzymkowski. Cz.1. |
|
| 260 |
_aWarszawa : _bIPPT, _c1982. |
||
| 650 | 9 |
_aMetale _xobróbka plastyczna _xbadanie |
|
| 040 | _cBPK | ||
| 041 | _apol | ||
| 080 | _a621.7:669.018 | ||
| 942 | _cKS | ||
| 008 | s pl f |000 0 pol | ||
| 999 |
_c21252 _d21252 |
||
| 856 |
_uhttp://koha.tu.koszalin.pl/cgi-bin/koha/opac-detail.pl?biblionumber=21252 _yKatalog online BPK |
||